UBT Library

WRITING FROM READINGS (Record no. 58739)

000 -LEADER
fixed length control field 00311nam a22001457a 4500
008 - FIXED-LENGTH DATA ELEMENTS--GENERAL INFORMATION
fixed length control field 221104b ||||| |||| 00| 0 eng d
020 ## - INTERNATIONAL STANDARD BOOK NUMBER
International Standard Book Number 9781269885409
041 ## - LANGUAGE CODE
Language code of text/sound track or separate title eng
080 ## - UNIVERSAL DECIMAL CLASSIFICATION NUMBER
Universal Decimal Classification number 004
082 ## - DEWEY DECIMAL CLASSIFICATION NUMBER
Classification number 004
100 ## - Rafti
Rafti 18
101 ## - Shkurtesa
Shkurtesa SHK
245 ## - TITLE STATEMENT
Title WRITING FROM READINGS
Statement of responsibility, etc WILHOIT S
942 ## - ADDED ENTRY ELEMENTS (KOHA)
Source of classification or shelving scheme
Item type Books
Holdings
Withdrawn status Lost status Source of classification or shelving scheme Damaged status Not for loan Collection code Permanent location Current location Date acquired Total Checkouts Full call number Barcode Date last seen Price effective from Koha item type
          Koleksioni i përgjithshem UBT - Lipjan UBT - Lipjan 11/04/2022   004 WIL 002-800028700260438 11/04/2022 11/04/2022 Books
          Koleksioni i përgjithshem UBT - Lipjan UBT - Lipjan 12/12/2022   82WIL 002-8000287002601092 12/12/2022 12/12/2022 Books
          Koleksioni i përgjithshem UBT - Lipjan UBT - Lipjan 12/12/2022   82WIL 002-8000287002601093 12/12/2022 12/12/2022 Books
          Koleksioni i përgjithshem UBT - Lipjan UBT - Lipjan 12/12/2022   82WIL 002-8000287002601094 12/12/2022 12/12/2022 Books
UBT Library © 2015-2024. All rights reserved University Education for Business and Technology